| 000 | 01643cam a2200361 i 4500 | ||
|---|---|---|---|
| 999 |
_c65668 _d65668 |
||
| 001 | 768714001 | ||
| 003 | CO-MdFUSB | ||
| 005 | 20201013100317.0 | ||
| 008 | 771109s1977 enk 00010 eng | ||
| 010 | _a77371128 | ||
| 011 | _aa | ||
| 020 | _a0710086504 | ||
| 040 |
_aNvU _beng _cCO-MdFUSB _dMvI _dCO-MdFUSB _erda |
||
| 041 | _aeng | ||
| 082 |
_a300.03 _223 _bR287 |
||
| 100 | 1 |
_aReading, Hugo F. _eautor |
|
| 245 | 1 | 2 |
_aA dictionary of the social sciences / _cHugo F. Reading. |
| 264 | 1 |
_aLondon ; _aBoston : _bRoutledge and Kegan Paul, _c1977. |
|
| 264 | 4 | _c1977, ©1976. | |
| 300 |
_a231 páginas ; _c23 cm. |
||
| 336 |
_atexto _btxt _2rdacontent. |
||
| 337 |
_asin mediación _bn _2rdamedia. |
||
| 338 |
_avolumen _bnc _2rdacarrier. |
||
| 505 | _a El resurgimiento de las regiones en la planificación espacial. -- Gobernanza, instituciones y planificación regional. -- Planificación espacial y desarrollo sostenible. -- Calidad ambiental y recursos naturales: del proteccionismo ambiental hacia un enfoque integrado de sostenibilidad desarrollo. -- Encontrar lugares para nuevas viviendas: el papel de la planificación regional. -- Hacia un renacimiento urbano. -- Desarrollo económico regional, planificación regional y desarrollo sostenible: divergencias y convergencias en el enfoque. -- Mirando hacia el futuro: regiones, estrategias espaciales y desarrollo sostenible. | ||
| 563 | _aRústico | ||
| 650 | 0 |
_aSocial sciences _vDictionaries. |
|
| 653 | _aCiencias sociales -- Diccionarios | ||
| 942 | _cBK | ||
| 945 | _aAEM-53 | ||